Дети пишут книгу. Ч. 2 (Запись № 11556288)

Подробности
000 -МАРКЕР
контрольное поле 02475nam2a2200289 4500
001 - ИДЕНТИФИКАТОР ЗАПИСИ
контрольное поле RU\NLR\BIBL_A\012366726
005 - ИДЕНТИФИКАТОР ВЕРСИИ
контрольное поле 20201112152744.0
010 ## - МЕЖДУНАРОДНЫЙ СТАНДАРТНЫЙ НОМЕР КНИГИ (ISBN)
Номер (ISBN) 978-5-6041877-9-1
Тираж 500
021 ## - НОМЕР ГОСУДАРСТВЕННОЙ РЕГИСТРАЦИИ
Код страны Российская Федерация
Номер КН-П-20-031642
Номер Листа государственной регистраци КН-П-20-2426
021 ## - НОМЕР ГОСУДАРСТВЕННОЙ РЕГИСТРАЦИИ
Код страны Российская Федерация
Номер КН-П-20-031642
Номер Листа государственной регистраци КН-П-20-3925
035 ## - ДРУГИЕ СИСТЕМНЫЕ НОМЕРА
Идентификатор записи (NLR Aleph) 012366726
035 ## - ДРУГИЕ СИСТЕМНЫЕ НОМЕРА
Идентификатор записи (RuMoRGB)010347990
100 ## - ДАННЫЕ ОБЩЕЙ ОБРАБОТКИ
Данные общей обработки 20200930d2020 um y0rusy50 ca
101 0# - ЯЗЫК РЕСУРСА
Язык текста, звукозаписи и т.д. русский
102 ## - СТРАНА ПУБЛИКАЦИИ ИЛИ ПРОИЗВОДСТВА
Страна публикации Российская Федерация
105 ## - ПОЛЕ КОДИРОВАННЫХ ДАННЫХ: ТЕКСТОВЫЕ МАТЕРИАЛЫ, МОНОГРАФИЧЕСКИЕ
Кодированные данные о монографическом текстовом документе ac||z|||000ay
200 0# - ЗАГЛАВИЕ И СВЕДЕНИЯ ОБ ОТВЕТСТВЕННОСТИ
Основное заглавие Ч. 2
Первые сведения об ответственности ..., Автономная некоммерческая профессиональная образовательная организация "Дальневосточный центр непрерывного образования", Академический колледж АНПОО "ДВЦНО" г. Владивостока
Последующие сведения об ответственности [сост. В.П. Краснобаева]
210 ## - ПУБЛИКАЦИЯ, РАСПРОСТРАНЕНИЕ И ДР.
Дата издания, распространения и т.д. 2020
215 ## - ФИЗИЧЕСКАЯ ХАРАКТЕРИСТИКА
Специфическое обозначение материала и объем 53 с.
Другие сведения о физической характеристике ил., цв. ил., портр.
327 1# - ПРИМЕЧАНИЯ О СОДЕРЖАНИИ
Текст примечания Содерж.: разд.: Рассказы о животных. Рисуем животных песком
461 #0 - УРОВЕНЬ НАБОРА
Встроенное поле 001RU\NLR\BIBL_A\012325970
-- 2001#$aДети пишут книгу$iРассказы, стихи и сказки о животных$e[сборник]$fАвтономная некоммерческая организация дополнительного профессионального образования "Сибирский институт практической психологии, педагогики и социальной работы"$g[сост.: Е.В. Быкова, канд. пед. наук, доцент Е.Л. Сорокина$gредакционная коллегия: Елинская Янина Алексеевна]$vЧ. 2
Системный номер (АБИС) связанной записи 11446475
Место публикации Новосибирск
Дата публикации 2020
Первые сведения об ответственности Автономная некоммерческая организация дополнительного профессионального образования "Сибирский институт практической психологии, педагогики и социальной работы"
Заглавие части Рассказы, стихи и сказки о животных
Имя издателя, распространителя и т.д. Изд-во АНО ДПО "СИПППИСР"
Сведения, относящиеся к заглавию [сборник]
Заглавие Дети пишут книгу
Номер тома Ч. 2
702 #1 - ИМЯ ЛИЦА - ВТОРИЧНАЯ ОТВЕТСТВЕННОСТЬ
Начальный элемент ввода Краснобаева
Часть имени, кроме начального элемента ввода В. П.
Расширение инициалов личного имени Валентина Павловна
Код отношения Составитель
942 ## - ДОПОЛНИТЕЛЬНЫЕ ЭЛЕМЕНТЫ ЗАПИСИ (АБИС)
Тип экземпляра АБИС Книга
980 ## - КОЛЛЕКЦИЯ
Название коллекции Национальная библиография
Экземпляры
Тип экземпляра Дата поступления Источник поступления Стоимость Библиотека постоянного хранения Библиотека текущего хранения Место хранения Шифр хранения Штрих-код Статус экземпляра
Книга 30.09.2020 Обязательный экземпляр 0.00 РНБ (Московский) РНБ (Московский) Русский книжный фонд: издания с 1957 года 2020-6/412 1-3184904  
Книга 22.12.2020 Обязательный экземпляр 0.00 РНБ (Московский) РНБ (Московский) Обменный фонд   1-3246609